|
|
|
|
| LEADER |
00000nam0a2200000 4500 |
| 001 |
114854 |
| 005 |
20231031122359.0 |
| 035 |
|
|
|a (RuTPU)RU\TPU\book\124209
|
| 090 |
|
|
|a 114854
|
| 100 |
|
|
|a 20070426d1978 k y0rusy50 ca
|
| 101 |
0 |
|
|a rus
|
| 102 |
|
|
|a RU
|
| 105 |
|
|
|a y b 000zy
|
| 200 |
1 |
|
|a Продукция галургических производств
|e дополнение к каталогу
|f Научно-исследовательский институт технико-экономических исследований (НИИТЭХИМ); сост. И. Д. Соколдов, М. И. Муратова, Э. Б. Олевский и [др.]
|
| 210 |
|
|
|a Москва
|c Изд-во НИИТЭХИМ
|d 1978
|
| 215 |
|
|
|a 10 с.
|c ил.
|
| 333 |
|
|
|a Исключено из фонда НТБ ТПУ
|
| 702 |
|
1 |
|a Соколдов
|b И. Д.
|4 220
|
| 702 |
|
1 |
|a Муратова
|b М. И.
|4 220
|
| 702 |
|
1 |
|a Олевский
|b Э. Б.
|4 220
|
| 712 |
0 |
2 |
|a Всесоюзный научно-исследовательский институт химических реактивов и особо чистых химических веществ
|
| 801 |
|
1 |
|a RU
|b 63413507
|c 20070426
|g PSBO
|
| 801 |
|
2 |
|a RU
|b 63413507
|c 20220617
|g RCR
|
| 942 |
|
|
|c BK
|